Hospitality English /

Hlavní autor: Dluhošová, Radmila, 1962-
Jazyk: Angličtina
Vydáno: Opava : Slezská univerzita v Opavě, Filozoficko-přírodovědecká fakulta, Ústav lázeňství, gastronomie a turismu, 2012
Vydání: Vyd. 1.
Témata:
Fyzický popis: 109 s. ; 30 cm
Language note: České resumé
Knihy
Uloženo v:
LEADER 02091nam a2200589 a 4500
001 nkc20112224873
003 CZ PrNK
005 20120607075711.0
007 ta
008 120528s2012 xr e p 000 0 eng
015 |a cnb002224873 
020 |a 978-80-7248-672-4  |q (brož.) 
035 |a (OCoLC)798992311 
040 |a BOA001  |b cze 
041 0 |a eng  |b cze 
072 7 |a 811.111  |x Angličtina  |2 Konspekt  |9 11 
072 7 |a 37.016  |x Učební osnovy. Vyučovací předměty. Učebnice  |2 Konspekt  |9 22 
080 |a 811.111  |2 MRF 
080 |a 338.48  |2 MRF 
080 |a 640.4  |2 MRF 
080 |a 640.43/.46  |2 MRF 
080 |a 81'373.46  |2 MRF 
080 |a 81'42'373.46  |2 MRF 
080 |a (075.8)  |2 MRF 
100 1 |a Dluhošová, Radmila,  |d 1962-  |7 jx20110817004  |4 aut 
245 1 0 |a Hospitality English /  |c Radmila Dluhošová 
250 |a Vyd. 1. 
260 |a Opava :  |b Slezská univerzita v Opavě, Filozoficko-přírodovědecká fakulta, Ústav lázeňství, gastronomie a turismu,  |c 2012 
300 |a 109 s. ;  |c 30 cm 
500 |a 100 výt. 
504 |a Obsahuje bibliografii a bibliografické odkazy 
521 8 |a Určeno studentům bakalářského oboru Lázeňství a turismus 
546 |a České resumé 
650 0 7 |a angličtina  |7 ph114056  |2 czenas 
650 0 7 |a cestovní ruch  |7 ph119113  |2 czenas 
650 0 7 |a pohostinství  |7 ph115776  |2 czenas 
650 0 7 |a pohostinská zařízení  |7 ph115775  |2 czenas 
650 0 7 |a oborová terminologie  |7 ph138998  |2 czenas 
650 0 7 |a odborné texty  |7 ph123679  |2 czenas 
650 0 9 |a English language  |2 eczenas 
650 0 9 |a tourism  |2 eczenas 
650 0 9 |a catering trade  |2 eczenas 
650 0 9 |a catering facilities  |2 eczenas 
650 0 9 |a terminology (professional)  |2 eczenas 
650 0 9 |a professional texts  |2 eczenas 
655 7 |a učebnice vysokých škol  |7 fd133772  |2 czenas 
655 9 |a textbooks (higher)  |2 eczenas 
910 2 |a BOA001  |b 4-1285.940 
990 |a BK 
995 |a 01 
991 |b 201206  |c NOV  |e n 
996 6 |b 2610511220  |c 4-1285.940  |l MZK  |r Sklad / do 1 hodiny  |n 2  |p p.v.  |w 001249603  |u 000010  |a 1  |e BOA001  |j MZK50  |s P